| 000 | 01138nam0a22002651 4500 | ||
|---|---|---|---|
| 001 | rc\658515 | ||
| 005 | 20031121165255.8 | ||
| 035 | _a(NLR Aleph) 005897937 | ||
| 090 |
_a6246198 _c6246198 |
||
| 100 | _a20031121d1986 u |0rusy50 ca | ||
| 101 | 0 | _arus | |
| 102 | _aRU | ||
| 105 | _aa ||||||||| | ||
| 200 | 1 |
_aВОЗДЕЙСТВИЕ геокосмических факторов на биологические ритмы и регистрация двигательной активности биовзвеси _fПисаренко В.Г., Чайковский О.И., Попов В.В., Тарновский В.С. |
|
| 210 |
_aКиев _cИн-т геофизики _d1986 |
||
| 215 |
_a32 с. _cил. _d20 |
||
| 225 | 1 |
_aПрепринт _fАН УССР Ин-т геофизики им. С.И. Субботина |
|
| 300 | _aНа обл. загл. сер.: Препр. науч. докл. | ||
| 320 | _aБиблиогр.: с. 28-31 | ||
| 701 | 1 |
_aПисаренко _bВ. Г. _gВалерий Георгиевич |
|
| 801 | 0 |
_aRU _bNLR _gpsbo |
|
| 801 | 1 |
_aRU _bELAR _2rusmarc |
|
| 852 |
_aNLR _j87-4/20614 |
||
| 942 | _cBOOK | ||
| 980 | _aNB | ||